| 000 | 00357nam a2200133Ia 4500 | ||
|---|---|---|---|
| 005 | 20250729165807.0 | ||
| 008 | 250729s2010 xx 000 0 und d | ||
| 041 | _aeng | ||
| 082 | _a370.50 CHAP | ||
| 100 |
_aT.N.Chaabra _9233139 |
||
| 245 | _aPrinciples and Practice of Management | ||
| 260 |
_aIndia _bDhanpat Rai & Co _c2010 |
||
| 650 |
_aEducation _9233140 |
||
| 999 |
_c240132 _d240132 |
||